header

The dance technique of Doris Humphrey and its creative potential (Record no. 45172)

MARC details
000 -LEADER
fixed length control field 01205nam a2200301Ia 4500
100 1# - MAIN ENTRY--AUTHOR NAME
Personal name Stodelle, Ernestine.
245 14 - TITLE STATEMENT
Title The dance technique of Doris Humphrey and its creative potential
260 ## - PUBLICATION, DISTRIBUTION, ETC. (IMPRINT)
Place of publication Princeton, N.J. :
Name of publisher Princeton Book Co.,
Year of publication 1978.
300 ## - PHYSICAL DESCRIPTION
Number of Pages xiii, 264 p., [1] leaf of plates :
Other physical details ill.
650 #0 - SUBJECT ADDED ENTRY--TOPICAL TERM
Topical Term Modern dance.
856 40 - ELECTRONIC LOCATION AND ACCESS
Uniform Resource Identifier http://site.ebrary.com/lib/rucke/Doc?id=10075099

No items available.

© 2026 Rongo University
Contact us: librarian | system librarian | Rongo university